UK Trivia - Statistics

General Stats
  • This quiz has been taken 95 times
  • The average score is 5 of 15
Answer Stats
Question Answer % Correct
Capital London
97%
Official Name United Kingdom / Great Britain
95%
Official Language English
94%
Money Pound Sterling
94%
Flag Name Union Jack
60%
Older than pyramids Stonehenge
36%
Capital from AD 827 to AD 1066 Winchester
16%
Not a sovereign state England
10%
_______ Town has longest name in Europe Welsh
8%
Major river ( 3 ) Thames, Severn, Tyne
5%
Shortest war year 1896
3%
Shortest war with Zanzibar
3%
Population 65,105,246
0%
Area ( in sq.miles ) 93,635
0%
Form of Government Constitutional Monarchy with Parliamentary Government
0%
No matching quizzes found
Score Distribution
Percent of People with Each Score
Percentile by Number Answered
Your Score History
You have not taken this quiz